ბათუმის შოთა რუსთაველის სახელმწიფო უნივერსიტეტის ბიბლიოთეკა

Очистка промышленных газов электрофильтрами. (ბიბ.ჩანაწერი № 37146)

000 -LEADER
fixed length control field 00703nam a2200217Ia 4500
001 - CONTROL NUMBER
control field 3102
003 - CONTROL NUMBER IDENTIFIER
control field GE_BSU
008 - FIXED-LENGTH DATA ELEMENTS--GENERAL INFORMATION
fixed length control field 181216s||||||||xx |||||||||||||| ||und||
040 ## - CATALOGING SOURCE
Transcribing agency GE_BSU
080 ## - UNIVERSAL DECIMAL CLASSIFICATION NUMBER
Universal Decimal Classification number 621.359
100 ## - MAIN ENTRY--PERSONAL NAME
Personal name Ужов,В.Н.
245 ## - TITLE STATEMENT
Title Очистка промышленных газов электрофильтрами.
245 ## - TITLE STATEMENT
Statement of responsibility, etc. Ред. Н.С.Ратманский, А.А.Вексер.
250 ## - EDITION STATEMENT
Edition statement Изд второе, перераб. и дополненное.
260 ## - PUBLICATION, DISTRIBUTION, ETC.
Place of publication, distribution, etc. М.
260 ## - PUBLICATION, DISTRIBUTION, ETC.
Name of publisher, distributor, etc. Химия.
260 ## - PUBLICATION, DISTRIBUTION, ETC.
Date of publication, distribution, etc. 1967.
300 ## - PHYSICAL DESCRIPTION
Extent 344 стр. 22 см.
653 ## - INDEX TERM--UNCONTROLLED
Uncontrolled term Очистка промышленных газов электрофильтрами.
942 ## - ADDED ENTRY ELEMENTS (KOHA)
Koha item type წიგნი
ეგზემპლარები
Withdrawn status Lost status Damaged status Not for loan Date acquired Barcode Date last seen Price effective from Koha item type
        2018-12-17 9419 2018-12-17 2018-12-17 წიგნი